Mondaq Mozambique

Detalles Bibliográficos
Formato: eBook
Lenguaje:inglés
Publicado: Maputo: Mondaq, 2013
Materias:
Acceso en línea:Acceso restringido

MARC

LEADER 00000nam a22000007a 4500
005 20190516002946.0
007 cr|||| ||||
008 190516s2013 mz |||||s|||| 00||0 eng d
035 |a 7108 
040 |a vLex 
090 |c 8718  |d 8718 
245 0 0 |a Mondaq Mozambique  |h [Recurso electrn̤ico] / 
256 |a Servicio en ln̕ea 
260 |a Maputo:  |b Mondaq,  |c 2013 
300 |a 1 recurso electrn̤ico 
506 1 |a Disponible solo en los productos indicados  |d vLex Global  |d vLex Global (Academic Edition, excluding Law Schools)  |d vLex Global (U.S. Academic Edition, Law Schools)  |d vLex Global (U.S. Academic Edition, excluding Law Schools)  |d vLex Global (Academic Edition, Law Schools) 
650 0 4 |a Derecho Civil  |z Mozambique 
740 0 |a vLex Libros (Servicio en ln̕ea) 
856 4 0 |u http://vlex.com/source/7108  |z Acceso restringido 
942 |c BOOK 
999 0 |a Civil Law